Word Ladder: Red Light Special Quiz Stats

 Plays Quiz Updated Aug 12, 2017

Support Sporcle.
Go Orange.
Score 0/40 Timer 06:00
0 Plays Today
Clue 4-Letter Word % Correct
Barbie or Raggedy Ann, e.g.DOLL
97.7%
Finished or completedDONE
97%
Not sharpDULL
97%
Place to deposit moneyBANK
97%
• No longer living •✋DEAD✋
96.5%
Femur or humerus, e.g.BONE
96.3%
Pulsation of the heartBEAT
96.2%
Front of a bird's faceBEAK
96.1%
• ___ Tread on Me •✋DON'T✋
95.4%
Landlord's fixed paymentRENT
95.1%
Unwanted garden plantWEED
94.7%
• Low in temperature •✋COLD✋
94.5%
• Containing the maximum amount •✋FULL✋
93.3%
Fuse metal together via torchWELD
92.7%
Proof of ownership, as in MonopolyDEED
92.7%
• AC/DC's '___ in black' •✋BACK✋
91.9%
Part between plug and lampCORD
91.7%
Solitary, like a certain 'Ranger'LONE
91.4%
Superlative of goodBEST
91%
Batman's back-breaking foeBANE
90.3%
Clue 4-Letter Word % Correct
Sauron was this of the RingsLORD
90.3%
• Relief from work •✋REST✋
90%
Peruse textREAD
89.8%
BlockheadDOLT
88.5%
'Loser' singerBECK
87.2%
• Of a great distance or time •✋LONG✋
85.9%
To tear apart forciblyREND
85.6%
Backstory built around a fictional universeLORE
84.9%
Upland area of open countryWOLD
84.3%
Establishment that sells goodsSHOP
81.5%
An attempt at hitting a goal in sportsSHOT
80.9%
Fatigued or frustrated audible breathSIGH
80%
• The 'S' in 'ASL' •✋SIGN✋
76.1%
Within a short timeSOON
74.4%
Particles from combustionSOOT
73.5%
Actress Brenda of 'The Suite Life on Deck'SONG
63.9%
Priory at the center of 'The Da Vinci Code'SION
63.4%
McConaughey animated 2016 filmSING
60.9%
Hyperbolic trig functionSINH
56.9%
• Common bond of theme words •✋STOP✋
50.4%

Today's Daily Dose

You're not logged in!

Compare scores with friends on all Sporcle quizzes.
OR
Log In
Forgot?

From the Vault

Czech Yourself

by TheBigE1980

As Ice Cube once said, 'You better Czech yourself before you wzrech yourself'.
Remove Ads.
Support Sporcle.
Get the best of Sporcle when you Go Orange. This ad-free experience offers more features, more stats, and more fun while also helping to support Sporcle. Thank you for becoming a member.

Show Comments

Extras

Top Quizzes Today


Score Distribution

Your Account Isn't Verified!

In order to create a playlist on Sporcle, you need to verify the email address you used during registration. Go to your Sporcle Settings to finish the process.

Report this User

Report this user for behavior that violates our Community Guidelines.

Details: